Go in peace : (Record no. 5987)

MARC details
000 -LEADER
fixed length control field 00716nam a22002177a 4500
003 - CONTROL NUMBER IDENTIFIER
control field OSt
005 - DATE AND TIME OF LATEST TRANSACTION
control field 20251121115125.0
008 - FIXED-LENGTH DATA ELEMENTS--GENERAL INFORMATION
fixed length control field 251121b |||||||| |||| 00| 0 eng d
020 ## - INTERNATIONAL STANDARD BOOK NUMBER
International Standard Book Number 971-0305-22-0
040 ## - CATALOGING SOURCE
Original cataloging agency DWC-Main lib
Transcribing agency OC
082 ## - DEWEY DECIMAL CLASSIFICATION NUMBER
Classification number Res. 265.6 B324 2005
100 ## - MAIN ENTRY--PERSONAL NAME
Personal name Paul, J.
245 ## - TITLE STATEMENT
Title Go in peace :
Remainder of title a gift of enduring love
Statement of responsibility, etc. Paul, John II
260 ## - PUBLICATION, DISTRIBUTION, ETC.
Place of publication, distribution, etc. Philippines :
Name of publisher, distributor, etc. Jesuit Communication Foundation, Inc.,
Date of publication, distribution, etc. c2005
300 ## - PHYSICAL DESCRIPTION
Extent 244 pages :
Dimensions 22 cm.
650 ## - SUBJECT ADDED ENTRY--TOPICAL TERM
Source of heading or term Catholic church-doctrines
650 ## - SUBJECT ADDED ENTRY--TOPICAL TERM
Source of heading or term Christian life-Catholics authors
650 ## - SUBJECT ADDED ENTRY--TOPICAL TERM
Source of heading or term Penance
700 ## - ADDED ENTRY--PERSONAL NAME
Personal name Durepos, Joseph
Relator term editor
942 ## - ADDED ENTRY ELEMENTS (KOHA)
Source of classification or shelving scheme Dewey Decimal Classification
Koha item type Book- Reserved
Classification part Res. 265.6 B324 2005
Call number prefix Res
Suppress in OPAC No
952 ## - LOCATION AND ITEM INFORMATION (KOHA)
--
Holdings
Withdrawn status Lost status Source of classification or shelving scheme Damaged status Not for loan Home library Current library Shelving location Date acquired Total Checkouts Full call number Barcode Date last seen Copy number Price effective from Koha item type Uniform Resource Identifier
    Dewey Decimal Classification     College Library College Library Reserved 10/11/2025   Res. 265.6 B324 2005 CL42461 11/21/2025 c1 11/21/2025 BK-0 CIRC